Online Catalogue and eLibrary

Nobediya haki manava himikam (Record no. 2493)

MARC details
000 -LEADER
fixed length control field 00452nam a2200193Ia 4500
005 - DATE AND TIME OF LATEST TRANSACTION
control field 20250623020819.0
008 - FIXED-LENGTH DATA ELEMENTS--GENERAL INFORMATION
fixed length control field 240331s9999 xx 000 0 und d
020 ## - INTERNATIONAL STANDARD BOOK NUMBER
ISBN 1564320847
082 ## - DDC Classification
Item Number - Author Mark NOB
Class No. 323
100 ## - MAIN ENTRY--PERSONAL NAME
Personal name Human watch
245 #0 - TITLE STATEMENT
Title Nobediya haki manava himikam
260 ## - PUBLICATION, DISTRIBUTION, ETC.
Place of publication, distribution, etc. Colombo
Name of publisher, distributor, etc. Nadesan Centre
Date of publication, distribution, etc. 1994
300 ## - PHYSICAL DESCRIPTION
Extent (e.g. Volumes, Pages etc.) 116 p .,
650 ## - SUBJECT ADDED ENTRY--TOPICAL TERM
Topical term or geographic name entry element Depency
650 ## - SUBJECT ADDED ENTRY--TOPICAL TERM
Topical term or geographic name entry element Poverty
650 ## - SUBJECT ADDED ENTRY--TOPICAL TERM
Topical term or geographic name entry element Political
650 ## - SUBJECT ADDED ENTRY--TOPICAL TERM
Topical term or geographic name entry element civil Rights
942 ## - Koha item type (Biblio)
Koha item type Books in Stacks (Lending)
Holdings
Lost status Damaged status Collection code Home library Current library Shelving location Date acquired Full call number Accession Number Item type
    Lending WERC Library WERC Library Social Science Cupboard 03/31/2024 323.4 NOB 3779 Books in Stacks (Lending)

© WERC Library